Market-based management : (Record no. 7292)

MARC details
000 -LEADER
fixed length control field 00812nac a22002171u 4500
010 ## - LIBRARY OF CONGRESS CONTROL NUMBER
LC control number 2004040085
020 ## - INTERNATIONAL STANDARD BOOK NUMBER
International Standard Book Number 0131469568
082 00 - DEWEY DECIMAL CLASSIFICATION NUMBER
Classification number 658.8
Item number BES
090 ## - LOCALLY ASSIGNED LC-TYPE CALL NUMBER (OCLC); LOCAL CALL NUMBER (OCLC)
-- 7292
-- 7292
100 ## - MAIN ENTRY--PERSONAL NAME
Personal name Best, Roger J.
245 10 - TITLE STATEMENT
Title Market-based management :
Remainder of title strategies for growing customer value and profitability /
Statement of responsibility, etc Roger J. Best.
250 ## - EDITION STATEMENT
Edition statement 4th ed.
260 ## - PUBLICATION, DISTRIBUTION, ETC. (IMPRINT)
Place of publication, distribution, etc Upper Saddle River, N.J. :
Name of publisher, distributor, etc Pearson/Prentice Hall,2005
Date of publication, distribution, etc 2005.
300 ## - PHYSICAL DESCRIPTION
Extent xxii, 506 p. :
Other physical details ill. ;
Dimensions 24 cm.
500 ## - GENERAL NOTE
General note distributer: Al-Ahram
504 ## - BIBLIOGRAPHY, ETC. NOTE
Bibliography, etc Includes bibliographical references and index.
511 ## - PARTICIPANT OR PERFORMER NOTE
Participant or performer note catalogued by: wessam
650 #0 - SUBJECT ADDED ENTRY--TOPICAL TERM
Topical term or geographic name as entry element Marketing
General subdivision Management.
942 ## - ADDED ENTRY ELEMENTS (KOHA)
Item type Book - Borrowing
Call number prefix 658.8BES
Holdings
Withdrawn status Item status Damaged status Not for loan Home library Current library Shelving location Date acquired Source of acquisition Total Checkouts Total Renewals Full call number Barcode Date last seen Date last borrowed Koha item type
        Central Library Central Library First floor 20/01/2008 Purchase 1 1 658.8BES 000008822 15/07/2025 21/12/2009 Book - Borrowing